[Event "Montcalm IV 2015-16"]
[Site "Quebec CAN"]
[Date "2016.01.28"]
[Round "3"]
[White "Sarra-Bournet, Marc"]
[Black "Garneau, Benoit"]
[Result "1-0"]
[WhiteElo "1856"]
[BlackElo "1809"]
[PlyCount "49"]
[EventDate "2016.01.14"]
[EventType "swiss"]
[EventRounds "5"]
[EventCountry "CAN"]

1. e4 e6 2. d4 d5 3. Nd2 dxe4 4. Nxe4 Nf6 5. Nxf6+ Qxf6 6. Nf3 h6 7. Bd3 Be7 8.
O-O O-O 9. Ne5 Nd7 10. Ng4 Qh4 11. g3 Qh3 12. f4 c5 13. Nf2 Qxf1+ 14. Bxf1 cxd4
15. Qxd4 Bf6 16. Qb4 a5 17. Qc4 Nb6 18. Qe4 Rd8 19. c3 Rb8 20. Be3 Nd5 21. Rd1
Bd7 22. Ng4 Nxe3 23. Nxf6+ gxf6 24. Qxe3 Bc6 25. Rd4 1-0

[Event "Montcalm IV 2015-16"]
[Site "Quebec CAN"]
[Date "2016.02.04"]
[Round "4"]
[White "Abran, David"]
[Black "Sarra-Bournet, Marc"]
[Result "0-1"]
[WhiteElo "1809"]
[BlackElo "1856"]
[PlyCount "66"]
[EventDate "2016.01.14"]
[EventType "swiss"]
[EventRounds "5"]
[EventCountry "CAN"]

1. g3 e5 2. Bg2 d5 3. d3 Nf6 4. Nf3 Nc6 5. O-O Be7 6. Nbd2 O-O 7. e4 Bg4 8. h3
Be6 9. Ng5 Bc8 10. f4 exf4 11. gxf4 h6 12. Ngf3 dxe4 13. dxe4 Nh5 14. Ne5 Ng3
15. Rf3 Nxe4 16. Rd3 Bc5+ 17. Kh2 Nd6 18. Ne4 Bb6 19. Nxd6 cxd6 20. Rxd6 Qh4
21. Nf3 Qe7 22. a4 Bf5 23. Rd5 Rad8 24. Ra3 Be4 25. Rxd8 Rxd8 26. Qe2 Re8 27.
Rc3 Qd8 28. Ne5 Nxe5 29. Bxe4 Ng6 30. Qd3 Qh4 31. Bxb7 Qf2+ 32. Bg2 Qg1+ 33.
Kg3 Bf2+ 0-1

[Event "Montcalm IV 2015-16"]
[Site "Quebec CAN"]
[Date "2016.02.04"]
[Round "4"]
[White "Bahadi, Khalid"]
[Black "Lamontagne, Danny"]
[Result "0-1"]
[WhiteElo "1976"]
[BlackElo "1828"]
[PlyCount "88"]
[EventDate "2016.01.14"]
[EventType "swiss"]
[EventRounds "5"]
[EventCountry "CAN"]

1. e4 c5 2. Nf3 g6 3. d4 cxd4 4. Nxd4 Nc6 5. Nc3 Bg7 6. Be3 Nf6 7. Be2 O-O 8.
g4 d5 9. Nxc6 bxc6 10. e5 Ne4 11. f4 Nxc3 12. bxc3 f6 13. exf6 Bxf6 14. Qd2
Bh4+ 15. Kf1 e5 16. Kg2 exf4 17. Bxf4 Qe7 18. Rhf1 Rxf4 19. Rxf4 Bg5 20. Raf1
Bxf4 21. Rxf4 Bb7 22. Bf3 Re8 23. Rb4 Ba6 24. Rf4 Bc4 25. a4 Qh4 26. Qf2 Qe7
27. h4 Qe5 28. Qd2 Qe3 29. Qxe3 Rxe3 30. Rf6 Rxc3 31. Rxc6 a6 32. Rc5 Bf1+ 33.
Kxf1 Rxc5 34. Ke1 Rxc2 35. Bxd5+ Kg7 36. Bb7 a5 37. Bf3 h6 38. h5 g5 39. Bd1
Rb2 40. Be2 Kf6 41. Kd1 Rb4 42. Kc2 Rxa4 43. Kb3 Ra1 44. Bd3 Rg1 0-1

[Event "Montcalm IV 2015-16"]
[Site "Quebec CAN"]
[Date "2016.02.04"]
[Round "4"]
[White "Beaudoin, Stephane"]
[Black "Fecteau, Martin"]
[Result "1-0"]
[WhiteElo "2153"]
[BlackElo "2006"]
[PlyCount "63"]
[EventDate "2016.01.14"]
[EventType "swiss"]
[EventRounds "5"]
[EventCountry "CAN"]

1. e4 e5 2. Bc4 Nf6 3. d3 Bc5 4. Nf3 d6 5. O-O O-O 6. c3 Nc6 7. Nbd2 Ne7 8. Bb3
Ng6 9. Nc4 c6 10. Be3 b5 11. Ncd2 Bxe3 12. fxe3 Ng4 13. Qe2 Qb6 14. d4 c5 15.
Bd5 Rb8 16. a4 a6 17. axb5 axb5 18. b4 Nf6 19. Nb3 c4 20. Na5 Nxd5 21. exd5 Bd7
22. Kh1 e4 23. Ng5 Rbe8 24. Qh5 h6 25. Nxf7 Rxf7 26. Rxf7 Kxf7 27. Rf1+ Kg8 28.
Qxg6 Re7 29. Nc6 Bxc6 30. Qxd6 Rd7 31. Qxc6 Qxc6 32. dxc6 1-0

[Event "Montcalm IV 2015-16"]
[Site "Quebec CAN"]
[Date "2016.02.04"]
[Round "4"]
[White "Cournoyer, Dominic"]
[Black "Plante, Rejean"]
[Result "0-1"]
[WhiteElo "1992"]
[BlackElo "2084"]
[PlyCount "96"]
[EventDate "2016.01.14"]
[EventType "swiss"]
[EventRounds "5"]
[EventCountry "CAN"]

1. c4 g6 2. Nc3 Bg7 3. Nf3 d6 4. g3 c5 5. d4 cxd4 6. Nxd4 Nc6 7. Nxc6 bxc6 8.
Bg2 Bd7 9. O-O Qc8 10. Be3 Nf6 11. Qd2 h5 12. h4 Bh3 13. Rfd1 Bxg2 14. Kxg2 Qa6
15. b3 Ng4 16. Bd4 Bh6 17. Qd3 O-O 18. Ne4 c5 19. Bb2 Qb7 20. Kg1 a5 21. Qc3 f6
22. Qf3 Rab8 23. Nc3 Qxf3 24. exf3 Ne5 25. Nd5 Rb7 26. f4 Nc6 27. Nc3 Nd4 28.
Na4 e5 29. fxe5 fxe5 30. Kg2 Rbf7 31. Bxd4 exd4 32. f4 Bxf4 33. gxf4 Rxf4 34.
Rf1 Rxh4 35. Rxf8+ Kxf8 36. Nb6 d3 37. Nd5 g5 38. Rd1 Rd4 39. Ne3 Kf7 40. Nf5
Rg4+ 41. Kh2 Kf6 42. Nxd6 Rd4 43. Nb7 d2 44. Nxc5 Kf5 45. Kg2 h4 46. Na4 Ke4
47. c5 Ke3 48. c6 Rd6 0-1

[Event "Montcalm IV 2015-16"]
[Site "Quebec CAN"]
[Date "2016.02.04"]
[Round "4"]
[White "Garneau, Benoit"]
[Black "Dube, Daniel"]
[Result "1-0"]
[WhiteElo "1809"]
[BlackElo "1960"]
[PlyCount "95"]
[EventDate "2016.01.14"]
[EventType "swiss"]
[EventRounds "5"]
[EventCountry "CAN"]

1. Nf3 d5 2. g3 Bg4 3. Bg2 Nd7 4. d4 c6 5. Nbd2 Ngf6 6. b3 e6 7. Bb2 Be7 8. O-O
h6 9. c4 O-O 10. Ne5 Bf5 11. Rc1 Bd6 12. c5 Bxe5 13. dxe5 Ng4 14. e4 dxe4 15.
Nxe4 Ngxe5 16. Nd6 Bd3 17. Re1 f6 18. f4 Nxc5 19. fxe5 fxe5 20. Rxc5 Qxd6 21.
Rcxe5 Rad8 22. Qg4 Rf7 23. Qxe6 Qc7 24. Qg4 Qb6+ 25. Kh1 Qf2 26. Re8+ Rxe8 27.
Rxe8+ Kh7 28. Be4+ Bxe4+ 29. Qxe4+ Rf5 30. Bd4 Qf1+ 31. Bg1 h5 32. Re5 g6 33.
Rxf5 gxf5 34. Qf4 Qb1 35. Qf2 Kg6 36. h4 Qe4+ 37. Qg2 Qg4 38. Bxa7 Qd1+ 39. Bg1
Kf6 40. Qf2 Qd5+ 41. Kh2 Ke5 42. Qe3+ Qe4 43. Qxe4+ fxe4 44. Be3 Kd5 45. Kh3 c5
46. g4 hxg4+ 47. Kxg4 b5 48. h5 1-0

[Event "Montcalm IV 2015-16"]
[Site "Quebec CAN"]
[Date "2016.02.04"]
[Round "4"]
[White "Lessard, Claude"]
[Black "Gaulin, Gaetan"]
[Result "1/2-1/2"]
[WhiteElo "2004"]
[BlackElo "2020"]
[PlyCount "75"]
[EventDate "2016.01.14"]
[EventType "swiss"]
[EventRounds "5"]
[EventCountry "CAN"]

1. Nf3 d5 2. d4 Nf6 3. Bf4 e6 4. e3 Bd6 5. Bg3 O-O 6. Bd3 c5 7. c3 Nc6 8. Nbd2
Re8 9. Ne5 Ne7 10. Bb5 Rf8 11. Bd3 b6 12. O-O Bb7 13. f4 Ne4 14. Bh4 Qc7 15. g4
f5 16. Bxe7 Qxe7 17. gxf5 exf5 18. Nxe4 fxe4 19. Be2 cxd4 20. cxd4 g5 21. Qe1
gxf4 22. exf4 Kh8 23. Kh1 Bxe5 24. fxe5 Rxf1+ 25. Bxf1 Rf8 26. Rc1 Rc8 27. Bh3
Rf8 28. Rc3 Rf7 29. Qc1 Qh4 30. e6 Re7 31. Qf1 Qh6 32. Rg3 Bc8 33. Qg1 Re8 34.
Bf5 Qf6 35. Bxh7 Bxe6 36. Bg6 Rf8 37. Bh5 Rg8 38. Rxg8+ 1/2-1/2

[Event "Montcalm IV 2015-16"]
[Site "Quebec CAN"]
[Date "2016.02.04"]
[Round "4"]
[White "Ripoll, Arthur"]
[Black "Gingras, Philippe"]
[Result "0-1"]
[WhiteElo "1704"]
[BlackElo "1798"]
[PlyCount "129"]
[EventDate "2016.01.14"]
[EventType "swiss"]
[EventRounds "5"]
[EventCountry "CAN"]

1. e4 g6 2. d4 Bg7 3. f4 c6 4. Nf3 d5 5. e5 Bg4 6. h3 Bxf3 7. Qxf3 e6 8. c4
dxc4 9. Qc3 b5 10. Be2 Ne7 11. O-O Nd7 12. b3 cxb3 13. axb3 Nb6 14. Ba3 Nbd5
15. Qd2 a5 16. Bc5 O-O 17. Qd3 Re8 18. Nd2 Nb4 19. Qc3 Ned5 20. Qf3 Bf8 21. Ne4
f5 22. Nd6 Bxd6 23. Bxd6 Nc2 24. Rad1 Nce3 25. g4 Qh4 26. gxf5 gxf5 27. Kh2
Nxf1+ 28. Rxf1 Kh8 29. Qh5 Qxh5 30. Bxh5 Rg8 31. Bf7 Rg6 32. Bxg6 hxg6 33. Kg3
a4 34. bxa4 Rxa4 35. Rc1 Rc4 36. Ra1 Rxd4 37. Ra8+ Kg7 38. Ra7+ Kg8 39. Ra8+
Kf7 40. Rf8+ Kg7 41. Re8 b4 42. Kh4 Nxf4 43. Re7+ Kh6 44. Kg3 Nh5+ 45. Kf3 Rd3+
46. Kg2 Kg5 47. Bxb4 Nf4+ 48. Kf2 Rxh3 49. Bd2 Rh2+ 50. Ke1 Kg4 51. Kd1 g5 52.
Rc7 Rh1+ 53. Kc2 Ne2 54. Kd3 Nf4+ 55. Kc2 Rh2 56. Rxc6 Re2 57. Rc5 Nd5 58. Rc4+
Re4 59. Rxe4+ fxe4 60. Kb3 e3 61. Be1 Kf4 62. Kc4 Kxe5 63. Kd3 Kf4 64. Ke2 Ke4
65. Bg3 0-1

[Event "Montcalm IV 2015-16"]
[Site "Quebec CAN"]
[Date "2016.02.11"]
[Round "5"]
[White "Dube, Daniel"]
[Black "Abran, David"]
[Result "0-1"]
[WhiteElo "1960"]
[BlackElo "1809"]
[PlyCount "53"]
[EventDate "2016.01.14"]
[EventType "swiss"]
[EventRounds "5"]
[EventCountry "CAN"]

1. e4 c5 2. Nf3 d6 3. d4 cxd4 4. Nxd4 Nf6 5. Nc3 a6 6. Bc4 e6 7. Bb3 Be7 8. O-O
Bd7 9. Qf3 Nc6 10. Nxc6 Bxc6 11. Qg3 Nxe4 12. Nxe4 Bxe4 13. Bf4 O-O 14. Rfd1
Bh4 15. Qe3 d5 16. c4 Bf6 17. cxd5 Bxd5 18. Rd2 Qa5 19. Bc2 Rfd8 20. Qh3 g6 21.
Bd1 Bxb2 22. Rb1 Bc3 23. Qh6 Be4 24. Rxd8+ Rxd8 25. Bg5 Bg7 26. Be2 Bxh6 27.
Bxd8 0-1

[Event "Montcalm IV 2015-16"]
[Site "Quebec CAN"]
[Date "2016.02.11"]
[Round "5"]
[White "Gaulin, Gaetan"]
[Black "Beaudoin, Stephane"]
[Result "0-1"]
[WhiteElo "2020"]
[BlackElo "2153"]
[PlyCount "88"]
[EventDate "2016.01.14"]
[EventType "swiss"]
[EventRounds "5"]
[EventCountry "CAN"]

1. c4 Nf6 2. Nc3 g6 3. g3 Bg7 4. Bg2 O-O 5. Nf3 d6 6. d4 c6 7. O-O Nbd7 8. b3
Qa5 9. Qd2 Re8 10. Bb2 Nf8 11. Rfd1 Qh5 12. Qg5 e5 13. Qxh5 Nxh5 14. dxe5 dxe5
15. e4 f5 16. h3 Ne6 17. Kh2 Nd4 18. Rd3 fxe4 19. Nxe4 Bf5 20. Nxd4 exd4 21. f3
Rad8 22. Rad1 c5 23. b4 b6 24. bxc5 bxc5 25. Ba3 Bxe4 26. fxe4 Rc8 27. Bf3 Nf6
28. Re1 Nd7 29. Bg4 Ne5 30. Bxc8 Nxd3 31. Bd7 Re7 32. Rd1 Ne5 33. Ba4 Rc7 34.
Kg2 Bh6 35. Bb5 Kg7 36. Ba6 Be3 37. Bc1 Bxc1 38. Rxc1 Nd3 39. Rd1 Nb4 40. Bb5
Nxa2 41. Re1 Kf6 42. e5+ Ke6 43. g4 Nc3 44. Ba6 d3 0-1

[Event "Montcalm IV 2015-16"]
[Site "Quebec CAN"]
[Date "2016.02.11"]
[Round "5"]
[White "Gingras, Philippe"]
[Black "Cummins, Paul"]
[Result "0-1"]
[WhiteElo "1798"]
[BlackElo "1719"]
[PlyCount "54"]
[EventDate "2016.01.14"]
[EventType "swiss"]
[EventRounds "5"]
[EventCountry "CAN"]

1. d4 e6 2. c4 d5 3. Nc3 c5 4. cxd5 cxd4 5. Qxd4 Nc6 6. Qd1 exd5 7. Qxd5 Bd7 8.
Nf3 Be7 9. Ng5 Nh6 10. Nf3 Nb4 11. Qd1 Bf5 12. e4 Qxd1+ 13. Kxd1 O-O-O+ 14. Ke2
Be6 15. Bxh6 gxh6 16. Rc1 Kb8 17. a3 Nd3 18. Rd1 Bc4 19. Rxd3 Bxd3+ 20. Ke1 Bc2
21. Bc4 Bf6 22. e5 Rhe8 23. Bxf7 Re7 24. Bc4 Bxe5 25. Nd5 Ree8 26. Nxe5 Rxe5+
27. Ne3 Rxe3+ 0-1

[Event "Montcalm IV 2015-16"]
[Site "Quebec CAN"]
[Date "2016.02.11"]
[Round "5"]
[White "Lachance, Norbert"]
[Black "Ripoll, Arthur"]
[Result "1-0"]
[WhiteElo "1739"]
[BlackElo "1704"]
[PlyCount "41"]
[EventDate "2016.01.14"]
[EventType "swiss"]
[EventRounds "5"]
[EventCountry "CAN"]

1. d4 d5 2. Nf3 Nf6 3. Bg5 e6 4. e3 Nbd7 5. c4 c6 6. Nc3 Be7 7. Bd3 dxc4 8.
Bxc4 b5 9. Bd3 a6 10. O-O c5 11. Bxf6 Nxf6 12. dxc5 Bxc5 13. Ne4 Bb6 14. Nxf6+
Qxf6 15. Be4 Rb8 16. Bc6+ Ke7 17. Qd2 Qf5 18. Rac1 f6 19. Qb4+ Kf7 20. Qd6 Bb7
21. Qd7+ 1-0

[Event "Montcalm IV 2015-16"]
[Site "Quebec CAN"]
[Date "2016.02.11"]
[Round "5"]
[White "Lamontagne, Danny"]
[Black "Garneau, Benoit"]
[Result "0-1"]
[WhiteElo "1828"]
[BlackElo "1809"]
[PlyCount "102"]
[EventDate "2016.01.14"]
[EventType "swiss"]
[EventRounds "5"]
[EventCountry "CAN"]

1. e4 g6 2. d4 Bg7 3. Nc3 c5 4. dxc5 Qa5 5. Bd2 Qxc5 6. Nf3 d6 7. Nd5 Bd7 8.
Bb4 Qc8 9. Bc3 Bxc3+ 10. Nxc3 Qc5 11. Qd2 Nc6 12. Nd5 Ne5 13. Nxe5 dxe5 14. b4
Qc8 15. c4 e6 16. Qg5 f5 17. Nf6+ Kf7 18. Nxd7 Qxd7 19. Rd1 Qe7 20. Qxe7+ Kxe7
21. Bd3 Nf6 22. f3 Rad8 23. exf5 exf5 24. O-O Rd4 25. Rfe1 Ke6 26. Bc2 Rhd8 27.
Rxd4 Rxd4 28. Bb3 e4 29. fxe4 fxe4 30. c5+ Ke5 31. b5 Rb4 32. c6 bxc6 33. bxc6
Kd6 34. Rc1 Kc7 35. Rc3 Rb6 36. Ba4 Rb1+ 37. Kf2 Rb2+ 38. Rc2 Rxc2+ 39. Bxc2
Kxc6 40. Ke3 Kd5 41. h3 Ke5 42. Bb3 g5 43. g4 h6 44. Bf7 h5 45. Bb3 h4 46. Bf7
Nd5+ 47. Kf2 Nf4 48. Be8 Kd4 49. Bf7 e3+ 50. Kf1 Kd3 51. Be8 e2+ 0-1

[Event "Montcalm IV 2015-16"]
[Site "Quebec CAN"]
[Date "2016.02.11"]
[Round "5"]
[White "Plante, Rejean"]
[Black "Lessard, Claude"]
[Result "1-0"]
[WhiteElo "2084"]
[BlackElo "2004"]
[PlyCount "62"]
[EventDate "2016.01.14"]
[EventType "swiss"]
[EventRounds "5"]
[EventCountry "CAN"]

1. Nf3 Nf6 2. g3 d5 3. c4 c6 4. b3 dxc4 5. bxc4 g6 6. Bb2 Bg7 7. Bg2 Qb6 8. Qc1
O-O 9. O-O Bg4 10. d3 Nbd7 11. Nbd2 e5 12. h3 Bxf3 13. Bxf3 Rfe8 14. Bg2 Nh5
15. Ne4 c5 16. Rb1 Qc7 17. Bc3 b6 18. Bd2 Rad8 19. a4 f5 20. Nc3 Nf8 21. a5
bxa5 22. Rb7 Qc8 23. Nb5 e4 24. Rxa7 exd3 25. exd3 Rxd3 26. Bd5+ Kh8 27. Nd6
Qb8 28. Rxg7 Rxd5 29. Nxe8 Nxg3 30. Re1 Ne4 31. cxd5 Qxe8 1-0

[Event "Montcalm IV 2015-16"]
[Site "Quebec CAN"]
[Date "2016.02.11"]
[Round "5"]
[White "Sarra-Bournet, Marc"]
[Black "Bahadi, Khalid"]
[Result "1-0"]
[WhiteElo "1856"]
[BlackElo "1976"]
[PlyCount "73"]
[EventDate "2016.01.14"]
[EventType "swiss"]
[EventRounds "5"]
[EventCountry "CAN"]

1. e4 e5 2. Nf3 Nc6 3. Bb5 a6 4. Ba4 Nf6 5. O-O b5 6. Bb3 d6 7. Re1 Na5 8. d4
exd4 9. e5 dxe5 10. Nxe5 Be7 11. Nxf7 Qd7 12. Nxh8 Nxb3 13. axb3 Kf8 14. Bg5
Kg8 15. Qe2 Kf8 16. Bxf6 Bxf6 17. Qe4 Qe7 18. Qxe7+ Bxe7 19. Nd2 Bb4 20. Re2
Bg4 21. f3 Bf5 22. Ne4 Kg8 23. g4 Bd7 24. Rd1 Ba5 25. Kg2 Bb6 26. b4 Bc6 27.
Nc5 Rf8 28. Rd3 a5 29. Ne6 Rf6 30. bxa5 Ba7 31. Nd8 Bd7 32. Re7 Rd6 33. Nhf7
Kf8 34. Nxd6 Kxe7 35. Nc8+ Kxd8 36. Nxa7 c5 37. b4 1-0

[Event "Montcalm V 2015-16"]
[Site "Quebec CAN"]
[Date "2016.02.18"]
[Round "1"]
[White "Beaudoin, Stephane"]
[Black "Lamontagne, Danny"]
[Result "0-1"]
[WhiteElo "2158"]
[BlackElo "1809"]
[PlyCount "72"]
[EventDate "2016.02.18"]
[EventType "swiss"]
[EventRounds "5"]
[EventCountry "CAN"]

1. e4 c5 2. Nf3 g6 3. d4 cxd4 4. Nxd4 Nc6 5. Bc4 Bg7 6. Nxc6 bxc6 7. O-O Nf6 8.
e5 Nd5 9. f4 Nb6 10. Bd3 O-O 11. Nc3 d6 12. exd6 exd6 13. Qf3 Qc7 14. f5 Nd7
15. Bf4 Nc5 16. fxg6 fxg6 17. Qg3 Nxd3 18. cxd3 Qb6+ 19. Kh1 Qxb2 20. Ne4 d5
21. Rab1 Qd4 22. Nd6 Ba6 23. Rbd1 Rf6 24. Qg4 Raf8 25. g3 Qc5 26. Qd7 g5 27.
Ne8 R6f7 28. Qe6 gxf4 29. Rxf4 Qe7 30. Nxg7 Kxg7 31. Rg4+ Kh8 32. Qxc6 Qe2 33.
Qc3+ Rf6 34. Rf4 Qxd1+ 35. Kg2 Qe2+ 36. Kh3 Qe6+ 0-1

[Event "Montcalm V 2015-16"]
[Site "Quebec CAN"]
[Date "2016.02.18"]
[Round "1"]
[White "Betancourt, Juan-Mauricio"]
[Black "Gingras, Philippe"]
[Result "1/2-1/2"]
[WhiteElo "2038"]
[BlackElo "1785"]
[PlyCount "84"]
[EventDate "2016.02.18"]
[EventType "swiss"]
[EventRounds "5"]
[EventCountry "CAN"]

1. c4 g6 2. g3 Bg7 3. Nc3 c5 4. Bg2 Nf6 5. Nf3 Nc6 6. d4 cxd4 7. Nxd4 Nxd4 8.
Qxd4 O-O 9. O-O d6 10. a4 Nd7 11. Qd2 Ne5 12. b3 a6 13. Bb2 Rb8 14. Rfd1 Be6
15. Nd5 Bxd5 16. Bxd5 b6 17. f4 Nd7 18. Bxg7 Kxg7 19. f5 Nf6 20. Bf3 Qc7 21.
fxg6 hxg6 22. Qd4 Qc5 23. Rac1 Qxd4+ 24. Rxd4 a5 25. Rc3 Nd7 26. e3 Ne5 27. Bd1
Rh8 28. Rc2 Rbc8 29. Rb2 Rc7 30. Kg2 Rc5 31. Rbd2 Rhc8 32. Be2 R8c7 33. Rd1 Rc8
34. Rf4 R5c7 35. Kg1 Rc5 36. Bf1 R5c7 37. Bg2 Rh8 38. Bd5 f6 39. Rfd4 Rh5 40.
Rb1 Nc6 41. Rd2 Nb4 42. Bf3 Rh6 1/2-1/2

[Event "Montcalm V 2015-16"]
[Site "Quebec CAN"]
[Date "2016.02.18"]
[Round "1"]
[White "Cummins, Paul"]
[Black "Plante, Rejean"]
[Result "1/2-1/2"]
[WhiteElo "1805"]
[BlackElo "2134"]
[PlyCount "127"]
[EventDate "2016.02.18"]
[EventType "swiss"]
[EventRounds "5"]
[EventCountry "CAN"]

1. Nf3 c5 2. e3 Nc6 3. b3 Nf6 4. Bb2 g6 5. Be2 Bg7 6. c4 O-O 7. d4 cxd4 8. exd4
d5 9. O-O Bf5 10. Nbd2 Rc8 11. a3 Ne4 12. c5 Bh6 13. b4 a6 14. Nb3 Qc7 15. Nh4
Bd7 16. Nf3 f6 17. Bd3 Bg4 18. Be2 Rcd8 19. h3 Bc8 20. Bd3 g5 21. Nh2 Bg7 22.
Qc2 f5 23. Rae1 e6 24. b5 axb5 25. Bxb5 Ne7 26. Bc1 h6 27. f3 Ng3 28. Rf2 f4
29. Bd2 Nc6 30. Bxc6 Qxc6 31. Ng4 Nf5 32. Ne5 Qa4 33. Bb4 Ne3 34. Qd3 Bxe5 35.
dxe5 Rf5 36. Nd4 Rf7 37. Nxe6 Bxe6 38. Qg6+ Rg7 39. Qxe6+ Kh7 40. Qf6 Qe8 41.
e6 Re7 42. Bc3 Qf8 43. Rd2 Rde8 44. Qxf8 Rxf8 45. c6 Rxe6 46. cxb7 Rb6 47. Bd4
Rb3 48. Bc5 Rb8 49. Rde2 R8xb7 50. Kf2 Nf5 51. Rd2 Rb2 52. Ree2 Rxd2 53. Rxd2
Rd7 54. Bb6 d4 55. a4 Ne3 56. Rxd4 Nd5 57. Bc5 Kg6 58. Re4 Rc7 59. Bd4 Rc2+ 60.
Re2 Rc6 61. Be5 Rc4 62. a5 Ra4 63. Rc2 Rxa5 64. Bd4 1/2-1/2

[Event "Montcalm V 2015-16"]
[Site "Quebec CAN"]
[Date "2016.02.18"]
[Round "1"]
[White "Lescarbeau, Martin"]
[Black "Cournoyer, Dominic"]
[Result "1/2-1/2"]
[WhiteElo "1690"]
[BlackElo "2026"]
[PlyCount "79"]
[EventDate "2016.02.18"]
[EventType "swiss"]
[EventRounds "5"]
[EventCountry "CAN"]

1. Nf3 Nf6 2. g3 g6 3. Bg2 Bg7 4. d3 d5 5. Nbd2 O-O 6. O-O Nbd7 7. Re1 c6 8. e4
dxe4 9. dxe4 Qb6 10. c3 Nc5 11. Qc2 Rd8 12. Nc4 Qa6 13. Bf1 b5 14. e5 Bf5 15.
Qe2 Ng4 16. Ncd2 Nd3 17. Nd4 Nxe1 18. Qxe1 Nxe5 19. N2b3 Qc8 20. Bg2 Bd7 21.
Nc5 Bh3 22. Bf4 Bxg2 23. Bxe5 Bd5 24. Bxg7 Kxg7 25. Qxe7 Qh3 26. f3 Re8 27. Qc7
Re3 28. Qf4 Rae8 29. Ne4 R3xe4 30. fxe4 Rxe4 31. Qf2 Qd7 32. a4 Qe7 33. axb5 c5
34. Nc6 Qe8 35. Rf1 Re2 36. Qf6+ Kg8 37. Rf2 Re6 38. Qf4 Re1+ 39. Rf1 Re2 40.
Rf2 1/2-1/2

[Event "Montcalm V 2015-16"]
[Site "Quebec CAN"]
[Date "2016.02.18"]
[Round "1"]
[White "Ripoll, Arthur"]
[Black "Dube, Daniel"]
[Result "1-0"]
[WhiteElo "1652"]
[BlackElo "1942"]
[PlyCount "91"]
[EventDate "2016.02.18"]
[EventType "swiss"]
[EventRounds "5"]
[EventCountry "CAN"]

1. e4 e6 2. d4 d5 3. Nd2 Nc6 4. Ngf3 Nf6 5. e5 Nd7 6. Bd3 Nb4 7. Be2 c5 8. c3
Nc6 9. Nf1 Be7 10. Ng3 O-O 11. h4 f6 12. exf6 Nxf6 13. Ng5 cxd4 14. cxd4 e5 15.
dxe5 Nxe5 16. Qc2 Bd7 17. Nh5 g6 18. Nxf6+ Bxf6 19. Qb3 Bc8 20. Be3 Nf7 21.
O-O-O Qc7+ 22. Kb1 Bf5+ 23. Bd3 Qd7 24. f4 Kg7 25. h5 a6 26. Bxf5 Qxf5+ 27. Ka1
Rad8 28. hxg6 Kxg6 29. Bc5 Rh8 30. g4 Qxf4 31. Nxf7 Kxf7 32. g5 b6 33. Rhf1
Qxg5 34. Qxb6 Rb8 35. Qc7+ Kg6 36. Rxf6+ Qxf6 37. Rg1+ Qg5 38. Qd6+ Kh5 39.
Rh1+ Kg4 40. Rg1+ Kh5 41. Rxg5+ Kxg5 42. Qxd5+ Kg6 43. Qe6+ Kg5 44. Be7+ Kf4
45. Bd6+ Kf3 46. Bxb8 1-0

[Event "Montcalm V 2015-16"]
[Site "Quebec CAN"]
[Date "2016.02.25"]
[Round "2"]
[White "Cournoyer, Dominic"]
[Black "Cummins, Paul"]
[Result "1/2-1/2"]
[WhiteElo "2026"]
[BlackElo "1805"]
[PlyCount "93"]
[EventDate "2016.02.18"]
[EventType "swiss"]
[EventRounds "5"]
[EventCountry "CAN"]

1. c4 f5 2. Nf3 Nf6 3. Nc3 e6 4. g3 Be7 5. Bg2 O-O 6. O-O Qe8 7. Rb1 d6 8. b4
Na6 9. b5 Nc5 10. d4 Nce4 11. Nxe4 Nxe4 12. Qb3 Qh5 13. Rb2 Bf6 14. Rc2 Kh8 15.
c5 e5 16. dxe5 dxe5 17. Bb2 Qe8 18. Nd2 Ng5 19. h4 Ne6 20. Nf3 e4 21. Ne5 Nd8
22. Nc4 Bd7 23. Bxf6 Rxf6 24. Rb2 Ne6 25. Qb4 Qf8 26. Rd1 Nxc5 27. Rbd2 Be8 28.
Rd8 Rxd8 29. Rxd8 b6 30. Ra8 f4 31. Nd2 fxg3 32. fxg3 h6 33. Nxe4 Re6 34. Nxc5
bxc5 35. Qg4 Qe7 36. Bc6 Rxc6 37. bxc6 Qe3+ 38. Kg2 Kh7 39. Qf5+ Bg6 40. Qf2
Qe6 41. Rxa7 Qxc6+ 42. Kh2 c4 43. Qf4 Qe6 44. Rxc7 Qxe2+ 45. Kg1 Qe1+ 46. Kh2
Qe2+ 47. Kg1 1/2-1/2

[Event "Montcalm V 2015-16"]
[Site "Quebec CAN"]
[Date "2016.02.25"]
[Round "2"]
[White "Dube, Daniel"]
[Black "Le-Huu, Pascal"]
[Result "1-0"]
[WhiteElo "1942"]
[BlackElo "1244"]
[PlyCount "47"]
[EventDate "2016.02.18"]
[EventType "swiss"]
[EventRounds "5"]
[EventCountry "CAN"]

1. e4 e5 2. Nf3 Nc6 3. Nc3 Nf6 4. d4 d6 5. Bc4 Be7 6. h3 Nxd4 7. Nxd4 exd4 8.
Qxd4 O-O 9. O-O c5 10. Qd1 b6 11. Bf4 Bb7 12. Qe2 Nxe4 13. Nxe4 d5 14. Rfd1 d4
15. a4 Qd7 16. f3 Qf5 17. Qd2 Bxe4 18. fxe4 Qxe4 19. Re1 Qb7 20. Qe2 Rae8 21.
Bb5 Bh4 22. Qxe8 Bxe1 23. Rxe1 Qd5 24. Qxf8+ 1-0

[Event "Montcalm V 2015-16"]
[Site "Quebec CAN"]
[Date "2016.02.25"]
[Round "2"]
[White "Fecteau, Martin"]
[Black "Ripoll, Arthur"]
[Result "1/2-1/2"]
[WhiteElo "1915"]
[BlackElo "1652"]
[PlyCount "148"]
[EventDate "2016.02.18"]
[EventType "swiss"]
[EventRounds "5"]
[EventCountry "CAN"]

1. Nf3 d5 2. g3 Nf6 3. Bg2 e6 4. c4 Be7 5. d4 O-O 6. O-O dxc4 7. Ne5 c5 8. dxc5
Bxc5 9. Nxc4 Qe7 10. Nc3 Rd8 11. Qb3 Nc6 12. e3 e5 13. Ne4 Ne8 14. Qb5 Bd6 15.
Ncxd6 Nxd6 16. Qe2 Bf5 17. Nc3 Be6 18. b3 f5 19. Ba3 Qf6 20. Bb2 Qe7 21. Rfd1
e4 22. Nd5 Bxd5 23. Rxd5 Nb4 24. Rd4 Nd3 25. Ba3 Qf6 26. Rd1 Nb5 27. Bb2 Nxd4
28. Bxd4 Rxd4 29. exd4 Qxd4 30. Qc2 Rd8 31. Bf1 Kf7 32. Bxd3 exd3 33. Qd2 Kf6
34. h4 h6 35. Rc1 Qe4 36. Re1 Qc6 37. Rc1 Qf3 38. Re1 Rd6 39. Qc3+ Kg6 40. Qd2
Rc6 41. Re3 Rc2 42. Rxd3 Rxd2 43. Rxf3 Rxa2 44. Rd3 Ra3 45. Kg2 Ra6 46. Rd7 Rb6
47. Rd3 Kf6 48. Kf3 Ke5 49. Ke3 g5 50. hxg5 hxg5 51. f4+ gxf4+ 52. gxf4+ Kf6
53. Kf3 Kg6 54. Kg3 Kh5 55. Rf3 Rg6+ 56. Kf2 Rb6 57. Kg3 Rb4 58. Rd3 a5 59. Rf3
a4 60. bxa4 Rxa4 61. Rb3 Ra7 62. Kh3 b5 63. Rxb5 Ra3+ 64. Kg2 Kg4 65. Rb4 Rg3+
66. Kf2 Rf3+ 67. Kg2 Rxf4 68. Rb8 Rd4 69. Rb2 f4 70. Rf2 Rd3 71. Ra2 Rg3+ 72.
Kf2 Kh3 73. Ra8 Rg2+ 74. Kf3 Rg4 1/2-1/2

[Event "Montcalm V 2015-16"]
[Site "Quebec CAN"]
[Date "2016.02.25"]
[Round "2"]
[White "Lapierre, Gaetan"]
[Black "Auger, Bertrand"]
[Result "0-1"]
[WhiteElo "1892"]
[BlackElo "1921"]
[PlyCount "62"]
[EventDate "2016.02.18"]
[EventType "swiss"]
[EventRounds "5"]
[EventCountry "CAN"]

1. e4 e6 2. c4 c6 3. d4 d5 4. cxd5 exd5 5. e5 Bf5 6. Nc3 Bb4 7. a3 Ba5 8. Be3
Ne7 9. b4 Bc7 10. Nf3 O-O 11. Be2 Nd7 12. Nd2 Nxe5 13. f4 Nd3+ 14. Bxd3 Bxd3
15. Nf3 Bc4 16. g4 Ng6 17. Qd2 Re8 18. Kd1 Bb3+ 19. Kc1 Rxe3 20. Ne5 Nxe5 21.
Qxe3 Nc4 22. Qe1 Qf6 23. Ne2 Ba4 24. Ra2 Re8 25. Rf1 Re3 26. Qf2 Qg6 27. f5 Qg5
28. h4 Qe7 29. g5 Qe4 30. f6 Rxa3 31. Rxa3 Qc2# 0-1

[Event "Montcalm V 2015-16"]
[Site "Quebec CAN"]
[Date "2016.02.25"]
[Round "2"]
[White "Plante, Rejean"]
[Black "Dube, Dominic"]
[Result "1-0"]
[WhiteElo "2134"]
[BlackElo "1884"]
[PlyCount "83"]
[EventDate "2016.02.18"]
[EventType "swiss"]
[EventRounds "5"]
[EventCountry "CAN"]

1. Nf3 d5 2. c4 Nf6 3. cxd5 Qxd5 4. Nc3 Qa5 5. g3 g6 6. Bg2 Bg7 7. O-O O-O 8.
d4 c6 9. Bf4 Qb4 10. Qc2 Be6 11. a3 Qb3 12. Qc1 Nd5 13. Bh6 f6 14. Bxg7 Kxg7
15. Ne4 Nd7 16. Ned2 Qb6 17. e4 Nc7 18. Nc4 Qb5 19. Ne3 Rac8 20. Rd1 Nb6 21. b4
Rfd8 22. Rd2 Bc4 23. Rc2 Bd3 24. Rc5 Qa4 25. Qc3 Bb5 26. Qb2 Ne6 27. Rcc1 Nc7
28. Nd2 Qa6 29. Nb3 Na4 30. Qd2 e5 31. Bh3 Rb8 32. d5 Rd6 33. Nc5 Nxc5 34. bxc5
Rdd8 35. d6 Na8 36. Ng4 Rh8 37. d7 Rbd8 38. Qd6 Rhf8 39. Nxf6 Qa5 40. Qe7+ Rf7
41. Ne8+ Kg8 42. Be6 1-0